| 000 | 00360pab a2200157 454500 | ||
|---|---|---|---|
| 008 | 180718b1997 xxu||||| |||| 00| 0 eng d | ||
| 100 | _aSkinner, David | ||
| 245 | _aComputers: good for education? | ||
| 260 | _c1997 | ||
| 300 | _ap.98-109 | ||
| 362 | _aSummer | ||
| 650 | _aComputers | ||
| 650 | _aEducation | ||
| 773 | _aPublic Interest | ||
| 909 | _a34689 | ||
| 999 |
_c34689 _d34689 |
||